Le Pokémon mystère #01 - Statistiques

Statistiques générales
  • Ce quiz a été pris 44 fois
  • Le résultat moyen est 6 sur 10
Statistiques - réponses
Pokémon % Correct
Otaria
100%
Rosélia
78%
Dinoclier
74%
Iguolta
74%
Ixon
67%
Nénupiot
67%
Abo
48%
MINIDRACO
44%
Métamorph
15%
Cotovol
11%
Aucun quiz correspondant
Distribution des résultats
% des personnes avec chaque résultat
Percentile par nombre de réponses
Votre historique - résultats
Vous n’avez pas pris ce quiz